| 000 | 01444nam2a22002291 4500 | ||
|---|---|---|---|
| 001 | rc\4207520 | ||
| 005 | 20250611132439.0 | ||
| 035 | _a(NLR Aleph) 008206626 | ||
| 090 |
_a8070208 _c8070208 |
||
| 100 | _a20130415d1954 |||y0rusy50 ca | ||
| 101 | 0 | _arus | |
| 102 | _aRU | ||
| 105 | _aa z ||||| | ||
| 200 | 1 |
_aГлавный корпус _e[Двухэтажное каменное здание] |
|
| 210 |
_aМосква _cИзд-во Гипроздрава _d1954 |
||
| 215 |
_a46 с. _cчерт. |
||
| 461 | 0 |
_1001rc\4207519 _12001#$aРайонная санитарно-эпидемиологическая станция II категории$fМ-во здравоохранения СССР. Всесоюз. гос. ин-т по проектированию мед.-сан. и лечебно-профилакт. сооружений "Гипроздрав". Филиал в г. Киеве$v[1] _98070205 _cМосква _d1954 _fМ-во здравоохранения СССР. Всесоюз. гос. ин-т по проектированию мед.-сан. и лечебно-профилакт. сооружений "Гипроздрав". Филиал в г. Киеве _nИзд-во Гипроздрава _tРайонная санитарно-эпидемиологическая станция II категории _v[1] |
|
| 801 | 0 |
_aRU _bNLR _gpsbo |
|
| 801 | 1 |
_aRU _bELAR _2rusmarc |
|
| 852 |
_aNLR _jТ80 Г-9/393 |
||
| 942 | _cBOOK | ||
| 980 | _aNB | ||